<?xml version="1.0" encoding="UTF-8"?>
<record
    xmlns:xsi="http://www.w3.org/2001/XMLSchema-instance"
    xsi:schemaLocation="http://www.loc.gov/MARC21/slim http://www.loc.gov/standards/marcxml/schema/MARC21slim.xsd"
    xmlns="http://www.loc.gov/MARC21/slim">

  <leader>01391nam a22002417a 4500</leader>
  <controlfield tag="005">20170623153454.0</controlfield>
  <controlfield tag="008">170623b        xxu||||| |||| 00| 0 eng d</controlfield>
  <datafield tag="020" ind1=" " ind2=" ">
    <subfield code="a">9717420874</subfield>
  </datafield>
  <datafield tag="050" ind1=" " ind2=" ">
    <subfield code="a">HV 1307 .P53 Y13 2003</subfield>
  </datafield>
  <datafield tag="082" ind1=" " ind2=" ">
    <subfield code="a">362.7609599</subfield>
  </datafield>
  <datafield tag="110" ind1=" " ind2=" ">
    <subfield code="a">Psychosocial Trauma &amp; Human Rights Program Center for Integrative &amp; Development Studies University of the Philippines and Save the Children (UK) Philippines</subfield>
  </datafield>
  <datafield tag="245" ind1=" " ind2=" ">
    <subfield code="a">Emerging good practices : a documentation of the experiences and learning of Save the Children UK's programme for abused and exploited children /</subfield>
    <subfield code="c">Psychosocial Trauma and Human Rights Program Center for Integrative &amp; Development Studies University of the Philippines and Save the Children (UK) Philippines.</subfield>
  </datafield>
  <datafield tag="260" ind1=" " ind2=" ">
    <subfield code="a">Quezon City : </subfield>
    <subfield code="b">SC (UK) Philippines and UP CIDS PST,</subfield>
    <subfield code="c">2003</subfield>
  </datafield>
  <datafield tag="300" ind1=" " ind2=" ">
    <subfield code="a">167 p. :</subfield>
    <subfield code="b">illustrations ;</subfield>
    <subfield code="c">22 cm.</subfield>
  </datafield>
  <datafield tag="500" ind1=" " ind2=" ">
    <subfield code="a">Includes bibliographical references.</subfield>
  </datafield>
  <datafield tag="650" ind1=" " ind2=" ">
    <subfield code="2">Library of Congress Subject Headings</subfield>
    <subfield code="a">Children</subfield>
    <subfield code="x">Institutional care</subfield>
    <subfield code="z">Philippines</subfield>
  </datafield>
  <datafield tag="650" ind1=" " ind2=" ">
    <subfield code="2">Library of Congress Subject Headings</subfield>
    <subfield code="a">Child sexual abuse</subfield>
    <subfield code="z">Philippines</subfield>
  </datafield>
  <datafield tag="650" ind1=" " ind2=" ">
    <subfield code="2">Library of Congress Subject Headings</subfield>
    <subfield code="a">Children's rights</subfield>
  </datafield>
  <datafield tag="650" ind1=" " ind2=" ">
    <subfield code="2">Library of Congress Subject Headings</subfield>
    <subfield code="a">Child welfare</subfield>
    <subfield code="z">Philippines</subfield>
  </datafield>
  <datafield tag="650" ind1=" " ind2=" ">
    <subfield code="2">Library of Congres Subject Headings</subfield>
    <subfield code="a">Children</subfield>
    <subfield code="x">Law and legislation</subfield>
    <subfield code="z">Philippines</subfield>
  </datafield>
  <datafield tag="942" ind1=" " ind2=" ">
    <subfield code="2">lcc</subfield>
    <subfield code="c">BK</subfield>
  </datafield>
  <datafield tag="999" ind1=" " ind2=" ">
    <subfield code="c">335247</subfield>
    <subfield code="d">335247</subfield>
  </datafield>
  <datafield tag="952" ind1=" " ind2=" ">
    <subfield code="0">0</subfield>
    <subfield code="1">0</subfield>
    <subfield code="2">lcc</subfield>
    <subfield code="4">0</subfield>
    <subfield code="a">LUX</subfield>
    <subfield code="b">LUX</subfield>
    <subfield code="c">FIL</subfield>
    <subfield code="d">2017-06-23</subfield>
    <subfield code="l">0</subfield>
    <subfield code="o">HV 1307 .P53 Y13 2003</subfield>
    <subfield code="p">20449</subfield>
    <subfield code="r">2017-06-23 00:00:00</subfield>
    <subfield code="t">1</subfield>
    <subfield code="w">2017-06-23</subfield>
    <subfield code="y">BK</subfield>
  </datafield>
  <datafield tag="952" ind1=" " ind2=" ">
    <subfield code="0">0</subfield>
    <subfield code="1">0</subfield>
    <subfield code="2">lcc</subfield>
    <subfield code="4">0</subfield>
    <subfield code="a">LUX</subfield>
    <subfield code="b">LUX</subfield>
    <subfield code="c">IB</subfield>
    <subfield code="d">2017-06-23</subfield>
    <subfield code="l">0</subfield>
    <subfield code="o">HV 1307 .P53 Y13 2003</subfield>
    <subfield code="p">IB0249</subfield>
    <subfield code="r">2017-06-23 00:00:00</subfield>
    <subfield code="t">2</subfield>
    <subfield code="w">2017-06-23</subfield>
    <subfield code="y">BK</subfield>
  </datafield>
</record>
